000 00904nam a2200265 a 4500
001 000004735
005 20200929151507.0
008 790718s1977 sp 000 f spa
020 _a8401441781
040 _aDO-SdBNP
_bspa
_cBNPHU
082 _a843.9
_bC694g
100 1 _aColette
_q(Sidonie Gabrielle Colette),
_d1873-1954.
_913775
240 1 0 _aGigi: l'enfant malade la dame du photographe flore et pomene /
_lEspañol
245 1 0 _aGigi / :
_bColette ; traducción, E. Piña.
260 _aBarcelona :
_bPlaza & Janes,
_c1977.
300 _a157 p. ;
_c19 cm.
490 0 _aRotativa
534 _aTítulos originales:
_tGigi: l'enfant malade la dame du photographe flore et pomene
650 4 _aNovela francesa
_91075
650 4 _aLiteratura francesa
_91074
700 1 _aPiña, E,
_etr.
_913776
740 0 _aJulie de Carneilhan.
740 0 _aChance acquaintances.
830 0 _aRotativa
_912897
999 _c4541
_d4541